00735cam a22002177a 4500003000500000005001700005008004100022010001000063011001000073035001000083040000900093100003000102245012700132260004100259300002100300502007600321650003700397650002700434650003500461650002100496CHAP20220329142607.0020228d2002 mx d r 00110 spa d a85416 a86388 a96926 cCHAP00aAlmeraya Almeraya, Oscar.10aRendimiento y composición de la canal a diferentes pesos al sacrificio en toretes Holsteinc/por Oscar Almeraya Almeraya aChapingo, Méx. :bEl autor,c2002. a74 h. :bcuadros aTesis (M. C. en Producción Animal) -- UACH. Departamento de Zootecnia14aGanado de carnexAlimentación.14aGanado de carnexPeso.14aGanado de carnexProducción.14aGanado Holstein.